Pharmaceutical practice / (Record no. 4865)
[ view plain ]
| 000 -LEADER | |
|---|---|
| fixed length control field | 00938cam a2200277 i 4500 |
| 001 - CONTROL NUMBER | |
| control field | 17725283 |
| 005 - DATE AND TIME OF LATEST TRANSACTION | |
| control field | 20250315111808.0 |
| 008 - FIXED-LENGTH DATA ELEMENTS--GENERAL INFORMATION | |
| fixed length control field | 130501s2014 stka 001 0 eng |
| 020 ## - INTERNATIONAL STANDARD BOOK NUMBER | |
| International Standard Book Number | 9780702051432 (paperback) |
| 020 ## - INTERNATIONAL STANDARD BOOK NUMBER | |
| International Standard Book Number | 9780702051449 (international) |
| 020 ## - INTERNATIONAL STANDARD BOOK NUMBER | |
| Canceled/invalid ISBN | 9780702052828 (ebook) |
| 050 00 - LIBRARY OF CONGRESS CALL NUMBER | |
| Classification number | RS91 |
| Item number | .P44 2014 |
| 082 00 - DEWEY DECIMAL CLASSIFICATION NUMBER | |
| Classification number | 615/.4 |
| Edition information | 23 |
| 245 00 - TITLE STATEMENT | |
| Title | Pharmaceutical practice / |
| Statement of responsibility, etc. | edited by Judith A. Rees, Ian Smith, Jennie Watson. |
| 250 ## - EDITION STATEMENT | |
| Edition statement | Fifth edition. |
| 260 ## - PUBLICATION, DISTRIBUTION, ETC. | |
| Place of publication, distribution, etc. | Edinburgh |
| Name of publisher, distributor, etc. | Churchill Livingstone/Elsevier |
| Date of publication, distribution, etc. | 2014 |
| 300 ## - PHYSICAL DESCRIPTION | |
| Extent | xvii, 552 pages : |
| Other physical details | illustrations ; |
| Dimensions | 25 cm |
| 500 ## - GENERAL NOTE | |
| General note | Includes index. |
| 650 12 - SUBJECT ADDED ENTRY--TOPICAL TERM | |
| Topical term or geographic name entry element | Drug Compounding. |
| 650 22 - SUBJECT ADDED ENTRY--TOPICAL TERM | |
| Topical term or geographic name entry element | Dosage Forms. |
| 650 22 - SUBJECT ADDED ENTRY--TOPICAL TERM | |
| Topical term or geographic name entry element | Pharmacy. |
| 700 1# - ADDED ENTRY--PERSONAL NAME | |
| Personal name | Rees, Judith A., |
| Relator term | editor of compilation. |
| 700 1# - ADDED ENTRY--PERSONAL NAME | |
| Personal name | Smith, Ian, |
| Dates associated with a name | 1959 November 24- |
| Relator term | editor of compilation. |
| 700 1# - ADDED ENTRY--PERSONAL NAME | |
| Personal name | Watson, Jennie, |
| Dates associated with a name | 1966- |
| Relator term | editor of compilation. |
| 942 ## - ADDED ENTRY ELEMENTS (KOHA) | |
| Source of classification or shelving scheme | Library of Congress Classification |
| Koha item type | Books |
| Edition | 5th ed. |
| Suppress in OPAC | No |
| 999 ## - | |
| -- | 4865 |
| -- | 4865 |
| Withdrawn status | Lost status | Source of classification or shelving scheme | Damaged status | Not for loan | Collection | Home library | Current library | Shelving location | Date acquired | Total checkouts | Full call number | Barcode | Date last seen | Copy number | Price effective from | Koha item type |
|---|---|---|---|---|---|---|---|---|---|---|---|---|---|---|---|---|
| Library of Congress Classification | Non-fiction | Science Library (Miotso) | Science Library (Miotso) | General stacks | 03/15/2025 | RS91 .P44 PHA | SLM00004330 | 03/15/2025 | 1 | 03/15/2025 | Books | |||||
| Library of Congress Classification | Non-fiction | Science Library (Miotso) | Science Library (Miotso) | General stacks | 03/15/2025 | RS91 .P44 PHA | SLM00004331 | 03/15/2025 | 2 | 03/15/2025 | Books | |||||
| Library of Congress Classification | Non-fiction | Science Library (Miotso) | Science Library (Miotso) | General stacks | 03/15/2025 | RS91 .P44 PHA | SLM00004332 | 03/15/2025 | 3 | 03/15/2025 | Books | |||||
| Library of Congress Classification | Non-fiction | Science Library (Miotso) | Science Library (Miotso) | General stacks | 03/15/2025 | RS91 .P44 PHA | SLM00004333 | 03/15/2025 | 4 | 03/15/2025 | Books |